书目信息 |
| 题名: |
中共十六大与马克思主义理论创新
|
|
| 作者: | 赵存生 主编 | |
| 分册: | ||
| 出版信息: | 北京 北京大学出版社 2003 |
|
| 页数: | 414页 | |
| 开本: | 21cm | |
| 丛书名: | ||
| 单 册: | ||
| 中图分类: | D229 , A8 | |
| 科图分类: | ||
| 主题词: | 中共十六大(2002)--文件--学习参考资料 , 马克思主义--发展--研究 , 马克思主义 | |
| 电子资源: | ||
| ISBN: | 7-301-06211-7 | |
| 000 | 00947nam0 2200277 450 | |
| 001 | 012007207841 | |
| 005 | 20070522175345.76 | |
| 010 | @a7-301-06211-7@dCNY26.00 | |
| 100 | @a20070515d2003 km y0chiy0120 ea | |
| 101 | 0 | @achi |
| 102 | @aCN@b110000 | |
| 105 | @ay z 000yy | |
| 106 | @ar | |
| 200 | 1 | @a中共十六大与马克思主义理论创新@Azhong gong shi liu da yu ma ke si zhu yi li lun chuang xin@f赵存生主编@Fzhao cun sheng zhu bian |
| 210 | @a北京@c北京大学出版社@d2003 | |
| 215 | @a414页@d21cm | |
| 300 | @a教育部人文社会科学重点研究基地重大课题 | |
| 330 | @a本书对十六大报告中“三个代表”重要思想和占有重要地位的教育改革和创新问题、国际关系和对外政策等问题进行了深入的探讨。 | |
| 606 | 0 | @a中共十六大(2002)@x文件@j学习参考资料 |
| 606 | 0 | @a马克思主义@x发展@x研究 |
| 606 | 0 | @a马克思主义 |
| 690 | @aD229@v4 | |
| 690 | @aA8@v4 | |
| 701 | 0 | @a赵存生@Azhao cun sheng@4主编 |
| 801 | 0 | @aCN@bRULIN@c20070522 |
| 905 | @dD229@e108@s8 | |
| 中共十六大与马克思主义理论创新/赵存生主编.-北京:北京大学出版社,2003 |
| 414页;21cm |
| 教育部人文社会科学重点研究基地重大课题 |
| ISBN 7-301-06211-7:CNY26.00 |
| 本书对十六大报告中“三个代表”重要思想和占有重要地位的教育改革和创新问题、国际关系和对外政策等问题进行了深入的探讨。 |
| ● |
| 相关链接 |
|
|
|
|
正题名:中共十六大与马克思主义理论创新
索取号:D229/108
 
预约/预借
| 序号 | 登录号 | 条形码 | 馆藏地/架位号 | 状态 | 备注 |
| 1 | 0579965 | 205799652 | 第一样本阅览室/ [索取号:D229/108] | 在馆 | |
| 2 | 0579966 | 205799661 | 第一借阅区/ [索取号:D229/108] | 在馆 | |
| 3 | 0579967 | 205799670 | 第一借阅区/ [索取号:D229/108] | 在馆 | |
| 4 | 0579968 | 205799689 | 密集书库/ [索取号:D229/108] | 在馆 | |
| 5 | 0579969 | 205799698 | 密集书库/ [索取号:D229/108] | 在馆 | |
| 6 | 0579970 | 205799705 | 第一借阅区/ [索取号:D229/108] | 在馆 | |
| 7 | 0579971 | 205799714 | 密集书库/ [索取号:D229/108] | 在馆 | |
| 8 | 0579972 | 205799723 | 第一借阅区/ [索取号:D229/108] | 在馆 |